| Tag |
First Indicator |
Second Indicator |
Subfields |
| LEADER |
00000cam a2200000 a 4500 |
| 001 |
in00001623948 |
| 005 |
20220105105730.0 |
| 006 |
m u |
| 007 |
cr cn||||||||| |
| 008 |
001009s1996 dcua sb i000 0 eng d |
| 010 |
|
|
|z 96016979
|
| 020 |
|
|
|a 0585184208 (electronic bk.) :
|c $22.00
|
| 020 |
|
|
|z 0821336304
|
| 035 |
|
|
|a 32679
|b (N$T)
|
| 035 |
|
|
|a nL32679
|
| 040 |
|
|
|a N$T
|c N$T
|d UtOrBLW
|
| 043 |
|
|
|a cl-----
|
| 050 |
1 |
4 |
|a HC130.P6
|b L66 1996eb
|
| 082 |
0 |
4 |
|a 339.4/6/098
|2 20
|
| 100 |
1 |
|
|a Londoño de la Cuesta, Juan Luis.
|0 http://id.loc.gov/authorities/names/n85218418
|
| 245 |
1 |
0 |
|a Poverty, inequality, and human capital development in Latin America, 1950-2025 /
|c Juan Luis Londoño.
|
| 264 |
|
1 |
|a Washington, D.C. :
|b World Bank,
|c [1996]
|
| 264 |
|
4 |
|c ©1996
|
| 300 |
|
|
|a iv, 38 pages :
|b illustrations ;
|c 28 cm.
|
| 336 |
|
|
|a text
|b txt
|2 rdacontent
|
| 337 |
|
|
|a computer
|b c
|2 rdamedia
|
| 338 |
|
|
|a online resource
|b cr
|2 rdacarrier
|
| 490 |
1 |
|
|a World Bank Latin American and Caribbean studies
|
| 504 |
|
|
|a Includes bibliographical references (pages 37-38).
|
| 533 |
|
|
|a Electronic reproduction.
|b Boulder, Colo. :
|c NetLibrary,
|d 2000.
|n Available via World Wide Web.
|n Access may be limited to NetLibrary affiliated libraries.
|
| 500 |
|
|
|a Electronic resource.
|
| 650 |
|
0 |
|a Poverty
|z Latin America.
|0 http://id.loc.gov/authorities/subjects/sh2008109633
|
| 650 |
|
0 |
|a Income distribution
|z Latin America.
|0 http://id.loc.gov/authorities/subjects/sh2008123120
|
| 650 |
|
0 |
|a Human capital
|z Latin America.
|
| 655 |
|
7 |
|a Electronic books.
|2 local
|
| 710 |
2 |
|
|a NetLibrary, Inc.
|0 http://id.loc.gov/authorities/names/no99080690
|
| 776 |
0 |
|
|c Original
|w (DLC) 96016979
|
| 830 |
|
0 |
|a World Bank Latin American and Caribbean studies.
|0 http://id.loc.gov/authorities/names/n96031143
|
| 856 |
4 |
1 |
|u https://proxy.library.tamu.edu/login?url=http://www.netLibrary.com/urlapi.asp?action=summary&v=1&bookid=32679
|z Connect to the full text of this electronic book
|t 0
|
| 999 |
|
|
|a MARS
|
| 999 |
f |
f |
|s ee9e62f1-1692-342f-8135-08cf920cef95
|i 8b868fd9-9e1a-3b04-9935-61fd26faf8b1
|t 0
|
| 952 |
f |
f |
|a Texas A&M University
|b College Station
|c Electronic Resources
|d Available Online
|t 0
|e HC130.P6 L66 1996eb
|h Library of Congress classification
|
| 998 |
f |
f |
|a HC130.P6 L66 1996eb
|t 0
|l Available Online
|